STN ISO 26000 (01 0105): Usmernenie k spoločenskej zodpovednosti slovenská technická norma
Salvato in:
| Altri autori: | |
|---|---|
| Natura: | Libro |
| Lingua: | slovacco |
| Pubblicazione: |
Bratislava
Slovenský ústav technickej normalizácie
2011
|
| Soggetti: | |
| Tags: |
Nessun Tag, puoi essere il primo ad aggiungerne!!
|
MARC
| LEADER | 00000nam a2200000 4500 | ||
|---|---|---|---|
| 001 | 0135131 | ||
| 005 | 20230109114939.1 | ||
| 041 | 0 | |a slo | |
| 044 | |a SK | ||
| 245 | 1 | 0 | |a STN ISO 26000 (01 0105): Usmernenie k spoločenskej zodpovednosti |b slovenská technická norma |c spracovateľ: Monika Krajčiová, exe s.r.o., Bratislava |
| 264 | 1 | |a Bratislava |b Slovenský ústav technickej normalizácie |c 2011 | |
| 300 | |a 120 s. | ||
| 610 | 2 | 0 | |a normy ISO |
| 610 | 2 | 0 | |a zodpovednosť spoločenská |
| 610 | 2 | 0 | |a smernice |
| 610 | 2 | 0 | |a Slovensko |
| 700 | 1 | |a Krajčiová, Monika | |